Snel reken quiz zo maar even tussendoor - x 6 - Quiz 21 - Statistieken

Algemene statistieken
  • Deze quiz is 11 keer genomen
  • De gemiddelde score is 13 van 15
Antwoordstatistieken
Hint Antwoord % Correct
7 42
100%
11 66
100%
17 102
89%
25 150
89%
26 156
89%
37 222
89%
39 234
89%
41 246
89%
49 294
89%
63 378
89%
67 402
89%
69 414
89%
73 438
89%
34 204
78%
54 324
78%
Geen overeenkomende quizzen gevonden
Scoreverdeling
Procent van Mensen met Elke Score
Percentiel versus Aantal Correcte Antwoorden
Uw Scoregeschiedenis
U heeft deze quiz nog niet genomen